000 00668nam a22002177a 4500
999 _c5642
_d5642
003 OSt
005 20220510122331.0
008 220510b ||||| |||| 00| 0 eng d
020 _a0815165692
020 _a9780815165699
040 _cALUPE UNIVERSITY
050 _aRJ251
_b.O855 1985
245 _a1985 The Year Book of Pediatrics
_cedited by Frank A Oski; James A Stockman
260 _aChicago ; London :
_bYear Book Medical Publishers,
_cc1985.
300 _a608 pages :
_bill;
_c24 cm
500 _aIncludes indexes.
650 _aPediatrics. Pediatrics Pédiatrie.
700 _aFrank A Oski
700 _aJames A Stockman
942 _2lcc
_cREF
_nJO